Countries With English as an Official Language - Statistics

General Stats
  • This quiz has been taken 4,561 times
    2,757 since last reset
  • The average score is 50 of 59
Answers on the Map
Answers color-coded by a green-red scale on the quiz's map according to % correct below.
 
Answer Stats
Continent % of English Speakers Population Country % Correct
North America 95.5 331 m United States of America
100%
North America 82.2 37.1 m Canada
99%
Europe 98.3 64 m United Kingdom
99%
Oceania 92.7 23.4 m Australia
98%
Oceania 97.7 4.28 m New Zealand
97%
Asia 9.5 1.45 b India
96%
Europe 98.4 4.42 m Ireland
96%
Africa 30.9 53 m South Africa
96%
Africa 60.7 206 m Nigeria
91%
North America 97.8 2.71 m Jamaica
90%
North America 87 331 k Bahamas
89%
Oceania 20.6 853 k Fiji
89%
Africa 18.8 43 m Kenya
89%
Asia 48.9 221 m Pakistan
86%
Africa 82.6 14.4 m Zimbabwe
86%
Oceania 98.3 59 k Marshall Islands
85%
North America 78 50 k Saint Kitts and Nevis
85%
Oceania 49.7 189 k Samoa
85%
Asia 96.5 4.04 m Singapore
85%
Oceania 31.7 552 k Solomon Islands
85%
Africa 9.9 40.5 m Tanzania
85%
Oceania 30 30 k Tonga
85%
Oceania - 11.8 k Tuvalu
85%
Africa 16.1 11.9 m Zambia
85%
North America 100 296 k Barbados
84%
Africa 38.4 1.64 m Botswana
84%
Oceania 57.7 111 k Federated States of Micronesia
84%
Oceania 24.2 95 k Kiribati
84%
Oceania 96.7 12 k Nauru
84%
Oceania 71.1 6.33 m Papua New Guinea
84%
Oceania 39.5 319 k Vanuatu
84%
Africa 66.7 27 m Ghana
83%
Africa 27.8 1.8 m Lesotho
83%
Africa 17.3 1.82 m Namibia
83%
Oceania 92.5 20 k Palau
83%
North America 43 165 k Saint Lucia
83%
North America 95 120 k Saint Vincent and the Grenadines
83%
Africa 90 44.2 m Uganda
83%
North America 87.8 1.31 m Trinidad and Tobago
82%
North America 81.7 301 k Belize
81%
South America 90.5 751 k Guyana
81%
Africa - 45.7 m Sudan
81%
Africa 48.2 1.14 m Eswatini
80%
Europe 88.3 453 k Malta
80%
Asia 58.2 110 m Philippines
80%
Africa 15 10.1 m Rwanda
80%
Africa - 10.8 m South Sudan
80%
North America 80 85 k Antigua and Barbuda
79%
North America 94 67 k Dominica
79%
Africa 42.3 87 k Seychelles
79%
North America 90.0 110 k Grenada
78%
Africa 82.7 3.75 m Liberia
78%
Africa 3.9 13.9 m Malawi
78%
Africa - 11.9 m Burundi
76%
Africa 16 1.26 m Mauritius
76%
Africa 38.1 19.7 m Cameroon
74%
Africa 2.3 1.71 m Gambia
74%
Asia 3.0 1.41 b China
72%
Africa 83.5 5.87 m Sierra Leone
72%
No matching quizzes found
Score Distribution
Percent of People with Each Score
Percentile by Number Answered
Your Score History
You have not taken this quiz since the last reset